Statistics for Academy Awards for Best Picture

Click here to take the quiz!

General Stats

  • This quiz has been taken 818 times
  • The average score is 32 of 85

Answer Stats

Hint Answer % Correct
1997Titanic
74%
1939Gone with the Wind
72%
1972The Godfather
71%
1974The Godfather Part II
71%
1994Forrest Gump
67%
2000Gladiator
58%
1943Casablanca
56%
1993Schindler's List
54%
1959Ben-Hur
51%
1999American Beauty
49%
1995Braveheart
49%
2005Crash
49%
1979Kramer vs. Kramer
49%
1976Rocky
49%
1998Shakespeare in Love
48%
1990Dances With Wolves
48%
2009The Hurt Locker
48%
1927/1928Wings
48%
2012Argo
48%
1975One Flew Over the Cuckoo's Nest
47%
2011The Artist
47%
1991The Silence of the Lambs
46%
2008Slumdog Millionaire
46%
1986Platoo
46%
2002Chicago
46%
2006The Departed
45%
2004Million Dollar Baby
44%
1965The Sound of Music
44%
2001A Beautiful Mind
44%
1996The English Patient
44%
1988Rain Man
44%
2007No Country for Old Men
43%
1989Driving Miss Daisy
42%
1985Out of Africa
42%
1977Annie Hall
42%
1992Unforgiven
42%
2010The King's Speech
42%
1984Amadeus
40%
1982Gandhi
40%
1981Chariots of Fire
40%
1978The Deer Hunter
40%
1962Lawrence of Arabia
39%
2003The Lord of The Rings: The Return of The King
39%
1971The French Connection
39%
1973The Sting
39%
1970Patton
39%
1954On the Waterfront
38%
1980Ordinary People
37%
1961West Side Story
37%
1969Midnight Cowboy
37%
1934It Happened One Night
36%
1983Terms of Endearment
36%
1968Oliver!
35%
1960The Apartment
33%
1987The Last Emperor
32%
1955Marty
31%
1964My Fair Lady
31%
1950All About Eve
31%
1940Rebecca
30%
1929/1930All Quiet on the Western Front
30%
1941How Green Was My Valley
28%
1967In the Heat of the Night
28%
1930/1931Cimarron
26%
1948Hamlet
26%
1935Mutiny on the Bounty
26%
1958Gigi
26%
1953From Here to Eternity
24%
1951An American in Paris
24%
1966A Man for All Seasons
24%
1956Around the World in 80 Days
23%
1946The Best Years of Our Lives
22%
1931/1932Grand Hotel
22%
1949All the King's Men
21%
1932/1933Cavalcade
21%
1952The Greatest Show on Earth
21%
1963Tom Jones
19%
1945The Lost Weekend
19%
1944Going My Way
18%
1928/1929The Broadway Melody
17%
1938You Can't Take It With You
16%
1937The Life of Emile Zola
16%
1947Gentleman's Agreement
15%
1936The Great Ziegfield
12%
1942Mrs. Miniever
4%
1957The Birdge in the River Kwai
3%

Score Distribution

Percentile by Number Answered

Percent of People with Each Score

Your Score History

You have not taken this quiz